Film che iniziano per F - Statistics

Statistiche generali
  • Questo quiz è stato fatto 179 volte
  • Il punteggio medio è 10 su 20
Statistiche sulle risposte
Descrizione Film % Corretto
La vita dell'imprenditore italiano che ha dato il nome alle celeberrime automobili di lusso. Ferrari
91%
Due uomini sfogano la loro aggressività creando un circolo di combattimento. Fight Club
87%
Un ragazzo con un ritardo mentale racconta la sua incredibile vita. Forrest Gump
87%
La storia della tormentata vita della più famosa pittrice messicana. Frida
86%
Una principessa si mette sulle tracce della sorella, la quale ha accidentalmente scatenato un eterno inverno. Frozen
85%
Le peripezie strampalate di un simpatico e sventurato ragioniere. Fantozzi
76%
La famosa evasione dalla prigione più sicura di tutte. Fuga da Alcatraz
76%
Un agente di polizia si infiltra in un gruppo di appassionati di motori capitanato dal re delle corse clandestine. Fast & Furious
68%
Un dottore trapianta su un morto un nuovo cervello e lo riporta alla vita con un fluido magnetico. Frankenstein
66%
Un plotone di giovani americani è sottoposto ad estenuanti prove fisiche e mentali da un severo sergente. Full Metal Jacket
54%
Otto segmenti animati impostati su brani di musica classica. Fantasia
49%
Alex ha un presagio mentre si imbarca nell'aereo per Parigi. Ben presto capisce di essere vittima di una maledizione. Final Destination
36%
Ren si trasferisce in una città dove un pastore vede nel ballo un'attività peccaminosa e la combatte aspramente. Footloose
36%
Una diciannovenne operaia si allena senza sosta per essere ammessa alla locale accademia. Flashdance
34%
In un mondo distopico, i libri sono proibiti e bruciati dai pompieri. Uno di loro, Montag, entra in contatto con dei ribelli. Fahrenheit 451
26%
Un agente e un terrorista, per annientarsi a vicenda, si sottopongono ad un intervento per scambiarsi le identità. Face/Off - Due facce di un assassino
24%
Un uomo escogita il rapimento della moglie per ottenere un cospicuo riscatto dal suocero ostile. Fargo
17%
Quattro amici "speciali" che lavorano in un circo cercano una via di fuga da una Roma occupata dai nazisti. Freaks Out
13%
Grace si unisce all'eccentrica famiglia del marito per prendere parte a una tradizione secolare e... mortale. Finché Morte Non Ci Separi
8%
Un giovane insegnante specializzato nel recupero di ragazzi sordomuti, rivoluziona i metodi di un istituto tradizionale. Figlio Di Un Dio Minore
6%
Nessun quiz corrispondente trovato
Distribuzione punteggi
Percentuale di utenti per punteggio
Percentile per numero di risposta
I tuoi punteggi nel tempo
Non hai fatto questo quiz